000 00853nam a2200217Ia 4500
003 GCL
008 140319s9999 xx 000 0 ara d
040 _aGCL /
_cGCL
082 0 4 _a251.22
_bع أ
100 1 _aعلى بن محمد بن رمضان الرشيدى الابيانى
245 1 0 _aاحكام الجنين :
_bمن النطفة الى الاستهلال ( بحث فقهي مقارن ) /
_cعلى بن محمد بن رمضان الرشيدى الابيانى
260 _aالقاهرة :
_bالمكتبة المصرية ،
_c2004
300 _a218 ص ؛
_c24 سم
650 0 4 _aالاحكام الشرعية
650 0 4 _aالروح
650 0 4 _aالجنين
650 0 4 _aالفقه الاسلامى - علم
650 0 4 _aالاجنة، علم
650 0 4 _aالزواج ( الشريعة الاسلامية )
942 _2ddc
_cBK
999 _c6154
_d6154